000 00767nam a22002537a 4500
005 20170124105919.0
010 _aA-447799
020 _c00
_a8185318484
035 _aA-447799
037 _bCen Lib/Ret
040 _aDPL
_bEN
082 _a305.56
_bMAN
245 _aMandal commission report :
_cedited by K.L. Chanchreek, Saroj Prasad
_bmyth and reality /
246 _b
260 _bH.K. Publishers
_aDelhi
_c1991
270 _bDelhi
_aA-1/11, shakti nagar extention
_e110052
300 _a389p.
_c21cm(Hb)
500 _aIncludes appendix and index
650 _aPolitical Sciences
_9833
650 _aSocial Justice
_93680
700 _aCanchreek, K.L.
_93683
700 _aPrasad, Saroj
_93684
942 _2ddc
_cEN
_h305.56
_mMAN
999 _c123019
_d123019